Регионална библиотека "Любен Каравелов" - Русе

Az edesanya konnye | A meleg kesztyu | A farkas es a het gida (Запис номер 141285)

MARC детайли
000 -Лидер
Контролно поле с фиксирана дължина 01459nam a2200349 c 4500
003 - Код на организацията, давaща контролен номер
Контролно поле BLK
005 - Дата и час на последна редакция
Контролно поле 20240710005456.0
008 - Елементи от данни с фиксирана дължина
fixed length control field 180409b bul|||||r ||||||| ||bul||
010 ## - Наследен системен номер
LC control number KNG00147355000
040 ## - Източник на каталожния запис
Идентификатор на билиотеката - собственик на записа BLK
041 ## - Код за език
Код за езика на текст/звукозапис или на отделно заглавие Унгарски
Код за езика КДБФ Други
080 ## - УДК
Текстов определител УДК Българска литература
УДК код - определител по УДК 821.163.2
УДК определител -93-34
УДК - код + определител 821.163.2-93-34
100 1# - Редна дума - Автор
Автор Karalijcev, Angel Ivanov
Авторска отговорност първи автор
R(LIN) 378925
139 ## - Редно поле
Редна дума Karalijcev, Angel Ivanov
Авторски знак Kar - K 21
245 10 - Сведения за заглавието
Заглавие Az edesanya konnye
Редно поле (дума) Angel Ivanov Karalijcev; ил. Ljuben Zidarov; * Любен Христов Зидаров; * Ангел Иванов Каралийчев.
245 10 - Сведения за заглавието
Заглавие A meleg kesztyu
Подзаглавни данни
Редно поле (дума)
245 10 - Сведения за заглавието
Заглавие A farkas es a het gida
Подзаглавни данни Приказки
Редно поле (дума)
257 ## - Страна на издаване
Страна на създаване/издаване България
260 ## - Област на издателските данни
-- София
Име на издателя, разпространителя и проч. Bulg. hudozsnik
Година на издаване 1972
300 ## - Физическа характеристика
Страници 48 с.
Илюстрации и др. с ил.
Размери/Мащаб 30 см
380 ## - Жанр
Жанр Детска худож. лит.
500 ## - Общи забележки
Забележка Ориг. загл. Майчина сълза, Топлата ръкавичка, Вълкът и седемте козлета ; Кор. загл. е Harom mese. - 20 100 тир.
700 1# - Други автори (авторска отговорност)
Лично име Zidarov, Ljuben
Автороска отговорност (Описва отношението между автора и произведението) ил.
9 (RLIN) 378966
700 ## - Други автори (авторска отговорност)
Лично име Зидаров, Любен Христов
Автороска отговорност (Описва отношението между автора и произведението) *
9 (RLIN) 365107
700 1# - Други автори (авторска отговорност)
Лично име Каралийчев, Ангел Иванов
Дати, свързани с автора 1902-1972
Автороска отговорност (Описва отношението между автора и произведението) *
9 (RLIN) 76702
852 ## - Местоположение
Форматна сигнатура Цб ІІ 18408
856 4# - Електронен адрес и достъп
Електронен формат pdf - файл
Път до файла /url/
856 4# - Електронен адрес и достъп
Електронен формат pdf - файл
Път до файла /url/
942 ## - АРТИКУЛИ
Вид на библиотечния материал Книги
Скрит в OPAC Не
944 ## - СЪЗДАВАНЕ И РЕДАКЦИЯ на ЗАПИСА
Създаване/Редакция Създаване
Дата на регистрацията/редакция 25.07.2013
Статус, дата на статуса CRON CRON
Служител, извършил регистрацията/редакцията
944 ## - СЪЗДАВАНЕ И РЕДАКЦИЯ на ЗАПИСА
Създаване/Редакция Редакция
Дата на регистрацията/редакция 25.07.2013
Статус, дата на статуса 25.07.2013 - от С1,Р / 25.07.2013
Служител, извършил регистрацията/редакцията
999 ## - СИСТЕМНИ КОНТРОЛНИ НОМЕРА
Koha biblionumber 141285
Koha biblioitemnumber 141285
Наличности
Код за отписване Код за изгубен артикул Източник на класификационната схема Код за повреда Коз за рестрикции Код за отдаване Артикулен № Име на библиотеката - собственик Име на библиотеката, в която се намира в момента Статус (Текущо местоположение) Дата на вписване в системата Местоположение - отдел Цена в лева Инвентарен номер Систематично азбучна сигнатура Баркод Номер на екземпляра Цена в евро Служебна бележка Служебен тип на артикула
  Не е изгубен Universal Decimal Classification Не е повреден без рестрикции ползва се в читалня 232556 Регионална библиотека "Любен Каравелов" Русе Регионална библиотека "Любен Каравелов" Русе Хранилище 1972-01-01 Хранилище 1.00 126104 Цб ІІ 18408 120000126104 1 0.51 Вид: Сф N: стар фонд Дата: 01.01.1972 Книги
Vip Innovations Ltd, Rousse, Bulgaria 2025